000 00347 a2200133 4500
005 20250624100423.0
020 _a81-7446-366-6
082 _a519.5MIS
100 _aMISHRA. P. N.
245 _aQuadrative Techniques: For Managers
260 _aNew Delhi,
_bJAIN. A,
_c2001.
300 _a695p,; ill, figure & table
_bAppendix
_c24cm
942 _2ddc
_cBKS
999 _c4809
_d4809